000 00637nam a2200217 i 4500
001 83454
003 ES-MaACL
005 20230906174829.0
007 t|
008 041117s1967 sp ||||1| spa d
100 1 _aIrizarry, Edilberto.
_965484
245 1 0 _aPoemas de mi resistencia /
_cEdilberto Irizarry.
260 _aMadrid :
_b[s.n.,
_c1967]
300 _a61 p. ;
_c17 cm.
852 _aES-MaACL
_jE-2459
_bR.62690
852 _aES-MaACL
_jE-2460
_bR.62907
852 _aES-MaACL
_jE-2461
_bR.62908
852 _aES-MaACL
_jE-2462
_bR.62906
852 _aES-MaACL
_jC-32008
_bR.62689
852 _aES-MaACL
_j2054-F-20
_bR.62691
999 _c83454
_d83454